Plan de fomento informático en el Hospital Nacional de Niños

Na minha lista:
Detalhes bibliográficos
Autor principal: Alvarado Monge, Javier
Formato: Livro
Publicado em: San José, Costa Rica 1991
Assuntos:
Tags: Adicionar Tag
Sem tags, seja o primeiro a adicionar uma tag!

MARC

LEADER 00000nam a2200000Ia 4500
003 007390
005 20221231144305.0
008 140114s1991 cr a m 000 ||s d
040 |c cru CEDI 
090 |a TFG 3106 
100 |a Alvarado Monge, Javier  |9 11413 
245 |a Plan de fomento informático en el Hospital Nacional de Niños 
260 |c 1991  |a San José, Costa Rica 
300 |a  xi, 237, [119] hojas : ilustraciones ; 29 cm  
500 |a  Proyecto de graduación (licenciatura en ingeniería industrial)--Universidad de Costa Rica. Facultad de Ingeniería. Escuela de Ingenieria Industrial 
650 |x HOSPITAL NACIONAL DE NIÑOS DR. CARLOS SAENZ HERRERA (COSTA RICA)   |x  AUTOMATIZACION  |9 11414 
942 |c TFG 
999 |c 19656  |d 19656